000 00545nam a22001571i 4500
001 1212
090 _a1212
100 _a20170304u u u0frey50 ba
101 0 _apor
200 1 _fD. Origlia
_aA Adolescência
_eO Crescimento - A Formação da Personalidade - A Vocação Profissional - A Sexualidade
215 _a275p
_d'22 cm'
700 1 _aOriglia
_bD.
_4070
701 1 _aOuillon
_bH.
_4070
210 _cLivraria Clássica
_aLisboa
_d1974
996 _f0001308
_kORI
_m00000000
_n00000000
_aBMVA
_b1
_vViana do Alentejo
_xPsicologia
_y25
_eLivro
_10
_31
990 _cLIVROS